| 000 | 00754nam a2200253 a 4500 | ||
|---|---|---|---|
| 999 |
_c841 _d841 |
||
| 001 | 6551 | ||
| 003 | BD-DhUAP | ||
| 005 | 20200128131315.0 | ||
| 008 | 200128r20021988ii a b 001 0 eng d | ||
| 020 | _a8120305191 | ||
| 040 |
_aDLC _cDLC _dDLC _dBD-DhUAP |
||
| 082 | 0 | 0 |
_a330.9 HAR _223 |
| 100 | 1 |
_aHartshorn, Truman A. _933553 |
|
| 245 | 1 | 0 |
_aEconomic geography / _cTruman A. Hartshorn and John W. Alexander. |
| 250 | _a3rd ed. | ||
| 260 |
_aNew Delhi : _bPrentice Hall, _cc1988 [Reprinted 2002]. |
||
| 300 |
_axiii, 385 pages : _billustrations ; _c28 cm. |
||
| 500 | _aIncludes index. | ||
| 650 | 0 |
_aEconomic geography. _933554 |
|
| 700 | 1 |
_aAlexander, John W. _933555 |
|
| 942 | 0 | 0 |
_2ddc _cBK |